000 00543nam a2200181Ia 4500
003 GCL
008 140319s9999 xx 000 0 ara d
040 _aGCL /
_cGCL
082 0 4 _a257.1
_bم ا
100 1 _aمحمد الحسين عبدالقادر
245 1 0 _aالاسلام والغرب /
_cمحمد الحسين عبدالقادر
260 _a[S.N] :
_bالدار السودانية للكتب ،
_c1991
300 _a352 ص
490 _a
650 0 4 _aالاسلام
650 0 4 _aالنظام السياسى
942 _2ddc
_cBK
999 _c53963
_d53963